000 00318nam a22001337a 4500
008 180829b xxu||||| |||| 00| 0 eng d
020 _a2900130466203
041 _aeng
080 _28 ED
_a510
100 _a38
101 _aMAT
245 _aFINITE MATHEMATICS ITS APPLICATIONS
_cGOLDSTEIN.L.J
942 _2udc
_cBK
999 _c47396
_d47396